Tous les goûts de Coca-Cola - Statistiques

Statistiques générales
  • Ce quiz a été pris 1 818 fois
    1 713 depuis la dernière actualisation
  • Le résultat moyen est 18 sur 54
Statistiques - réponses
Goûts % Correct
Cherry
97%
Energy Cherry
97%
Orange Vanille
92%
Vanille
91%
Cherry Vanille
90%
Light
70%
Framboise
67%
Pêche
56%
Orange
53%
Light Citron
50%
Cherry Sans Sucre
45%
Cherry Vanille Sans Sucre
45%
Energy Sans Sucre
45%
Framboise Sans Sucre
45%
Lemon Sans Sucre
45%
Lime Sans Sucre
45%
Orange Sans sucre
45%
Orange Vanille Sans Sucre
45%
Pêche Sans Sucre
45%
Sans Caféine Sans Sucre
45%
Vanille Sans Sucre
45%
Cannelle Sans Sucre
44%
Gimgembre Sans Sucre
44%
Mangue Exotique Sans Sucre
44%
Sans Sucre
44%
Lemon
42%
Sans Caféine
39%
Original
37%
Cannelle
31%
Energy
29%
Lime
27%
Life
25%
Light Taste Mangue Exotique
24%
Mangue Exotique
24%
Gimgembre
22%
Light Taste
11%
Light Taste Gingembre Citron Vert
8%
Blak
6%
Clear
6%
New Coke
5%
Plus
5%
Plus GreenTea
5%
3000
3%
Citra
3%
Orange Sanguine
3%
Byte
2%
Signature Mixers Spicy
2%
Starlight
2%
Y3000
2%
Plus Espresso
1%
Signature Mixers Herbal
1%
Signature Mixers Smoky
1%
Signature Mixers Woody
1%
Ultimate
1%
Aucun quiz correspondant
Distribution des résultats
% des personnes avec chaque résultat
Percentile par nombre de réponses
Votre historique - résultats
Vous n’avez pas pris ce quiz depuis la dernière actualisation